000
00408nam a2200205Ia 4500
003
IT-RoPAU
008
120407s9999 xx 000 0 und d
040
_a
IT-RoPAU
040
_c
IT-RoPAU
041
_a
ita
100
_a
Adalbert Stifter
245
_a
Brigitta
260
_a
Edizioni Paoline
260
_c
1960
300
_c
cm
490
_a
Maestri
490
_v
128
942
_c
BK
999
_c
133
_d
133